000 00248nam a2200097Ia 4500
001 1215185
005 20250827024546.0
008 250824s9999 xx 000 0 und d
245 0 _aKONYA MUTFAĞI
_cDOÇ .DR. YILMAZ SEÇİM
260 _bKÜLTÜR A.Ş
999 _c1215185
_d1215185